Young adult literature in the 21st century / (رقم التسجيلة. 20078)
[ عرض عادي ]
| 000 -الفاتح | |
|---|---|
| حقل البيانات ثابتة الطول | 02154cam a2200337 a 4500 |
| 001 - رقم الضبط | |
| رقم الضبط | 15309654 |
| 003 - محدد رقم الضبط | |
| رقم الضبط | OSt |
| 005 - وقت وتاريخ اخر تعامل مع التسجيلة | |
| رقم الضبط | 20150408114001.0 |
| 008 - عناصر البيانات ثابتة الطول - معلومات عامة | |
| حقل البيانات ثابتة الطول | 111215s2009 maua b 001 0 eng |
| 010 ## - رقم ضبط مكتبة الكونجرس | |
| رقم ضبط مكتبة الكونجرس | 2008023095 |
| 020 ## - الرقم الدولى المعيارى للكتب | |
| الرقم الدولى المعيارى للكتاب | 9780073525938 (alk. paper) |
| 020 ## - الرقم الدولى المعيارى للكتب | |
| الرقم الدولى المعيارى للكتاب | 0073525936 (alk. paper) |
| 035 ## - رقم ضبط النظام | |
| رقم ضبط النظام | (OCoLC)ocn226356673 |
| 035 ## - رقم ضبط النظام | |
| رقم ضبط النظام | (OCoLC)226356673 |
| 040 ## - مصدر الفهرسة | |
| وكالة الفهرسة الأصلية | DLC |
| وكالة النسخ | DLC |
| وكالة التعديل | BTCTA |
| -- | BAKER |
| -- | C#P |
| -- | BWX |
| -- | CDX |
| -- | DLC |
| 050 00 - رقم طلب مكتبة الكونجرس | |
| رقم التصنيف | LB1632 |
| رقم المادة | .C565 2009 |
| 082 00 - رقم تصنيف ديوى العشرى | |
| رقم التصنيف | 428.40712 C P Y |
| رقم الطبعة | 22 |
| 100 1# - المدخل الرئيسى - إسم شخصى | |
| الإسم الشخصى | Cole, Pamela Burress. |
| 9 (RLIN) | 8664 |
| 245 10 - بيان العنوان | |
| العنوان | Young adult literature in the 21st century / |
| بيان المسئوليه,etc | Pam B. Cole. |
| 246 3# - العنوان الموازى | |
| عنوان صحيح/عنوان مختصر | Young adult literature in the twenty-first century |
| 260 ## - PUBLICATION, DISTRIBUTION, ETC. (IMPRINT) | |
| مكان الناشر او الموزع | Boston : |
| اسم الناشر او الموزع | McGraw-Hill Higher Education, |
| تاريخ النشر أو التوزيع | c2009. |
| 300 ## - الوصف المادى | |
| التعداد | xviii, 702 p. : |
| تفاصيل ماديه اخرى للوعاء | ill. ; |
| أبعاد الوعاء | 24 cm. |
| 504 ## - تبصرة ببليوجرافية | |
| تبصرة ببليوجرافية,الخ | Includes bibliographical references and index. |
| 505 0# - تبصرة محتويات-الفهرس | |
| تبصرة المحتويات المصاغة | Adolescence : defining moments -- The young adult reader -- Trends and issues in young adult literature -- Realistic fiction (reading skill : making connections) -- Romance, humor, and sports (reading skill : questioning) -- Historical fiction (reading skills : monitoring and clarifying) -- Mysteries, thrillers, and horror (reading skills : inferential thinking and predicting) -- Science fiction and fantasy (reading skills : visualizing and vocabulary) -- Short stories, poetry, and drama (reading skill : building fluency) -- Nonfiction, autobiographies, biographies, diaries, and memoirs (reading skills : text structure and summarizing) -- The classical canon and young adult literature (reading skill : synthesizing) -- The popular culture influence / by Faith H. Wallace -- YA literature and writing : motivating young writers in the real world / by James Blasingame. |
| 650 #0 - المدخل الاضافى بالموضوع-مصطلح موضوعى | |
| مصطلح موضوعي أو اسم جغرافي كعنصر مدخل | Reading (Middle school) |
| 9 (RLIN) | 8665 |
| 650 #0 - المدخل الاضافى بالموضوع-مصطلح موضوعى | |
| مصطلح موضوعي أو اسم جغرافي كعنصر مدخل | Young adult literature |
| التقسيم الفرعي العام | Study and teaching (Middle school) |
| 9 (RLIN) | 8666 |
| 856 41 - الوصول و الموقع الالكترونى | |
| مواد محددة | Table of contents only |
| معرف المصدر الموحد | <a href="http://www.loc.gov/catdir/toc/ecip0820/2008023095.html">http://www.loc.gov/catdir/toc/ecip0820/2008023095.html</a> |
| 906 ## - عنصر بيانات محلى F, LDF (RLIN) | |
| a | 7 |
| b | cbc |
| c | orignew |
| d | 1 |
| e | ecip |
| f | 20 |
| g | y-gencatlg |
| 942 ## - عناصر المدخل الإضافي( كوها) | |
| مصدر التصنيف او مخطط الترفيف | Dewey Decimal Classification |
| Koha [default] item type | DVD |
| حالة الفقد | نموذج السعر الفعال | حالة تلف | ليس للاعارة | رقم الطلب | تاريخ الاكتساب | الموقع الحالي | الباركود | الفرع الرئيسي | Date last seen | نوع المادة فى نظام كوها | مصدر التصنيف او خطة الترفيف | Total Checkouts |
|---|---|---|---|---|---|---|---|---|---|---|---|---|
| 2013-03-10 | 428.40712 C P Y | 2011-12-15 | قسم الاجراءات الفنية (IC) | 00100334 | قسم الاجراءات الفنية (IC) | 2013-03-10 | كتاب | Dewey Decimal Classification | ||||
| 2013-03-10 | 428.40712 C P Y | 2011-12-15 | قسم الاجراءات الفنية (IC) | 00100333 | قسم الاجراءات الفنية (IC) | 2013-03-10 | كتاب | Dewey Decimal Classification |
